Osobitosti a aktuálne problémy financií v strojárskom priemysle v podnikateľskom prostredí SR diplomová práca

Enregistré dans:
Détails bibliographiques
Auteur principal: Gavendová, Mária
Collectivité auteur: Národohospodárska fakulta EU. Katedra financií
Autres auteurs: Červeňová, Magdaléna, 1962-
Format: Livre
Langue:slovaque
Publié: Bratislava 2014
Tags: Ajouter un tag
Pas de tags, Soyez le premier à ajouter un tag!

MARC

LEADER 00000nbm a2200000 4500
001 0187341
005 20170201085620.0
041 0 |a slo 
044 |a SK 
245 1 0 |a Osobitosti a aktuálne problémy financií v strojárskom priemysle v podnikateľskom prostredí SR  |b diplomová práca  |c Mária Gavendová ; školiteľ: Magdaléna Červeňová 
264 1 |a Bratislava  |c 2014 
300 |a 62 s. 
100 1 |a Gavendová, Mária 
700 1 |a Červeňová, Magdaléna, 1962- 
710 2 |a Národohospodárska fakulta EU. Katedra financií